000 00532nam a2200181 i 4500
001 70131
003 ES-MaACL
005 20230906170729.0
007 t|
008 040719s1955 sp ||||1| spa d
100 1 _aGarcía Oviedo, Carlos.
_955069
245 1 0 _aDerecho administrativo /
_cCarlos García Oviedo.
250 _a5ª ed.
_bpor Enrique Martínez Useros.
260 _aMadrid :
_bE.I.S.A.,
_c1955.
300 _a2 t. ;
_c24 cm.
700 1 _aMartínez Useros, Enrique.
_978454
852 _aES-MaACL
_jA-5276-7
_bR.40142
999 _c70131
_d70131